000 00456nam a2200193Ia 4500
005 20250603145919.0
008 250603s9999 xx 000 0 und d
020 _a9780199674992
050 _aNA 31 .C86/
100 _aCurl, James Stevens
245 4 _aThe Oxford dictionary of architecture
250 _a3rd ed.
260 _aOxford
260 _bOxford University Press
260 _c2023
300 _a77 p
650 _aOxford
942 _cBK
999 _c43227
_d43227